| 000 | 00828 aa a2200217 4500 | ||
|---|---|---|---|
| 008 | 081020t xxu||||| |||| 00| 0 eng d | ||
| 010 | _aENG-84101 | ||
| 020 | _a8176298506 | ||
| 020 | _c800.00 (hb) | ||
| 035 | _aEN-67634 | ||
| 082 | _a333.9162160954 | ||
| 245 |
_aRiver interlinking in India: _bthe dream and reality / _cedited by S R Singh and M P Shrivastava |
||
| 260 |
_aNew Delhi _bDeep and Deep Publications |
||
| 260 | _c2006 | ||
| 300 |
_axxiii,379p _c22cm |
||
| 500 | _aIncludes bibliographical references and index | ||
| 700 |
_aShrivastava, M P _ced |
||
| 700 |
_aSingh, S R _ced |
||
| 942 |
_2ddc _cEN _h333.9162160954 _mRIV |
||
| 999 |
_c17068 _d17068 |
||